<?xml version="1.0" encoding="UTF-8"?>
<record
    xmlns:xsi="http://www.w3.org/2001/XMLSchema-instance"
    xsi:schemaLocation="http://www.loc.gov/MARC21/slim http://www.loc.gov/standards/marcxml/schema/MARC21slim.xsd"
    xmlns="http://www.loc.gov/MARC21/slim">

  <leader>00808nam a22001937a 4500</leader>
  <controlfield tag="005">20220718095233.0</controlfield>
  <controlfield tag="007">ta</controlfield>
  <controlfield tag="008">220629s2007    mx ||||f |||| 00| 0 SPA d</controlfield>
  <datafield tag="020" ind1=" " ind2=" ">
    <subfield code="a">970-9871-16-1</subfield>
  </datafield>
  <datafield tag="040" ind1=" " ind2=" ">
    <subfield code="c">CHAP</subfield>
  </datafield>
  <datafield tag="082" ind1=" " ind2=" ">
    <subfield code="a">917.91714</subfield>
    <subfield code="b">Y22</subfield>
  </datafield>
  <datafield tag="100" ind1="0" ind2=" ">
    <subfield code="9">122975</subfield>
    <subfield code="a">Yanes D&#xED;az, Gonzalo</subfield>
  </datafield>
  <datafield tag="245" ind1=" " ind2=" ">
    <subfield code="a">El turismo en la provincia de Quebec (Canad&#xE1;) y el Estado de Tlaxcala (M&#xE9;xico) : </subfield>
    <subfield code="b">un estudio comparado /</subfield>
    <subfield code="c">por Yanes D&#xED;az Gonzalo</subfield>
  </datafield>
  <datafield tag="260" ind1=" " ind2=" ">
    <subfield code="a">Tlaxcala, M&#xE9;xico:</subfield>
    <subfield code="b">El Colegio de Tlaxcala ;</subfield>
    <subfield code="b">LVIII  Legislatura del H. Congreso del Estado, Comisi&#xF3;n de Turismo :</subfield>
    <subfield code="b">Consel International d' &#xE9;tudes Canadiennes,</subfield>
    <subfield code="c">2007.</subfield>
  </datafield>
  <datafield tag="300" ind1=" " ind2=" ">
    <subfield code="a">98 p&#xE1;ginas :</subfield>
    <subfield code="b">tablas,fotograf&#xED;as,mapas.</subfield>
  </datafield>
  <datafield tag="651" ind1=" " ind2="0">
    <subfield code="9">185202</subfield>
    <subfield code="a">Tlaxcala (Edo.)</subfield>
    <subfield code="x">Turismo</subfield>
    <subfield code="x">Historia</subfield>
  </datafield>
  <datafield tag="651" ind1=" " ind2="0">
    <subfield code="9">185203</subfield>
    <subfield code="a">Quebec, Canad&#xE1;</subfield>
    <subfield code="x">Turismo</subfield>
  </datafield>
  <datafield tag="942" ind1=" " ind2=" ">
    <subfield code="2">ddc</subfield>
    <subfield code="c">LIBRO</subfield>
  </datafield>
  <datafield tag="999" ind1=" " ind2=" ">
    <subfield code="c">217303</subfield>
    <subfield code="d">217303</subfield>
  </datafield>
  <datafield tag="952" ind1=" " ind2=" ">
    <subfield code="0">0</subfield>
    <subfield code="1">0</subfield>
    <subfield code="2">ddc</subfield>
    <subfield code="4">0</subfield>
    <subfield code="5">2</subfield>
    <subfield code="7">0</subfield>
    <subfield code="8">GRAL</subfield>
    <subfield code="a">BC</subfield>
    <subfield code="b">BC</subfield>
    <subfield code="c">PP_GRAL</subfield>
    <subfield code="d">2022-06-29</subfield>
    <subfield code="l">0</subfield>
    <subfield code="o">917.91714 Y22</subfield>
    <subfield code="p">33724002563215</subfield>
    <subfield code="r">2022-06-29 00:00:00</subfield>
    <subfield code="w">2022-06-29</subfield>
    <subfield code="y">LIBRO</subfield>
  </datafield>
</record>
